|
|
|
|
| LEADER |
01117nam a22002891 4500 |
| 001 |
c000378494 |
| 003 |
CARM |
| 005 |
00000000000000.0 |
| 008 |
700330m19681970enka b 00010 eng |
| 015 |
|
|
|a B68-23482 (v. 1)
|a B*** (v. 2)
|
| 019 |
1 |
|
|a 70237230
|5 LACONCORD2021
|
| 020 |
|
|
|a 020079880X (v. 1)
|a 0200798818 (v. 2)
|
| 035 |
|
|
|a (OCoLC)2780054
|5 LACONCORD2021
|
| 050 |
0 |
0 |
|a HA40.I6
|b L65
|
| 100 |
1 |
|
|a Lowe, Cecil William.
|
| 245 |
0 |
0 |
|a Industrial statistics
|c [by] C. W. Lowe.
|
| 260 |
|
|
|a London,
|b Business Books,
|c 1968-70.
|
| 300 |
|
|
|a 2 v.
|b illus.
|c 25 cm.
|
| 490 |
0 |
|
|a A Business management book
|
| 504 |
|
|
|a Includes bibliographies.
|
| 650 |
|
0 |
|a Industrial statistics.
|
| 852 |
8 |
|
|b CARM
|h A2:AI32H0
|i B06978
|p 0308345
|f BK
|
| 852 |
8 |
|
|b CARM
|h A2:AI32H0
|i B06978
|p 0308344
|f BK
|
| 082 |
0 |
4 |
|a 658/.001/82
|
| 999 |
f |
f |
|i e3c9470f-2eca-50d6-af7e-e0cdedbbe72f
|s ebe1b147-e039-5264-82df-2123ba05ed73
|
| 952 |
f |
f |
|p Can circulate
|a CAVAL
|b CAVAL
|c CAVAL
|d CARM 1 Store
|e B06978
|f A2:AI32H0
|h Other scheme
|i book
|m 0308344
|
| 952 |
f |
f |
|p Can circulate
|a CAVAL
|b CAVAL
|c CAVAL
|d CARM 1 Store
|e B06978
|f A2:AI32H0
|h Other scheme
|i book
|m 0308345
|